Catálogo
 En Linea

Fiestas y costumbres de Puerto Rico / (Registro nro. 35769)

Detalles MARC
000 -CABECERA
campo de control de longitud fija 00455nam a2200145 a 4500
001 - NÚMERO DE CONTROL
campo de control 000036278
005 - FECHA Y HORA DE LA ÚLTIMA TRANSACCIÓN
campo de control 20200930075638.0
008 - DATOS DE LONGITUD FIJA--INFORMACIÓN GENERAL
campo de control de longitud fija 120112s19uu cl 000 0 spa d
040 ## - FUENTE DE LA CATALOGACIÓN
Centro catalogador/agencia de origen DO-SdBNP
Lengua de catalogación spa
Centro/agencia transcriptor BNPHU
082 ## - NÚMERO DE LA CLASIFICACIÓN DECIMAL DEWEY
Número de clasificación xxx
Número de documento/Ítem P426f
100 1# - ENTRADA PRINCIPAL--NOMBRE DE PERSONA
Nombre de persona Peralta Peralta, Jaime
9 (RLIN) 62396
245 10 - MENCIÓN DE TÍTULO
Título Fiestas y costumbres de Puerto Rico /
Mención de responsabilidad, etc. Jaime Peralta Peralta.
260 ## - PUBLICACIÓN, DISTRIBUCIÓN, ETC.
Lugar de publicación, distribución, etc. [Chile] :
Nombre del editor, distribuidor, etc. Intituto Chileno de Cultura Hispánica,
Fecha de publicación, distribución, etc. [19uu]?
300 ## - DESCRIPCIÓN FÍSICA
Extensión 20 p. ;
Dimensiones 27 cm.
Existencias
Estado de retiro Estado de pérdida Restricciones de uso No para préstamo Código de colección Localización permanente Ubicación/localización actual Ubicación en estantería Fecha de adquisición Número de inventario Total de préstamos Signatura topográfica completa Código de barras Fecha visto por última vez Precio válido a partir de Tipo de ítem Koha
        Monografías: Libros y Folletos General General Orden iniciada 12.01.2012 LF1   xxx P426f 36279-10 25.06.2020 25.06.2020 No se presta

Con tecnología Koha